Saber hacer : fisicoquímica 3 es /

Guardado en:
Autor Principal: Bosack, Alejandro
Otros Autores: Martínez Filomeno, Ma. Sandra, Taddei, Federico
Formato: Libro
Publicado: Buenos Aires : Estrada, 2010
Series:Confluencias
Materias:
Etiquetas: Agregar Etiqueta
Sin Etiquetas, Sea el primero en etiquetar este registro!
LEADER 01155nam a22002655a 4500
001 CEM.cems013487
005 20110301123252.0
008 130507s2010##################000#0#####d
003 CEMS
020 |a 9789500112451 
082 0 4 |a Z541 
100 1 |a Bosack, Alejandro 
245 1 0 |a Saber hacer :  |b fisicoquímica 3 es /  |c Alejandro Bosack ... [et Al.] 
260 |a Buenos Aires :  |b Estrada,  |c 2010 
300 |a 32 p. 
490 0 |a Confluencias 
500 |a Cuadernos de procedimientos 
505 0 |a La medición en ciencias -- Espectrofotometría -- Espectroscopía estelar -- Análisis elemental cualitativo -- Ensayo de reconocimiento de sustancias -- Datación radiactiva -- Estrategias de estudio -- Las citas en los trabajos escritos -- Las notas en los trabajos escritos -- Los paradigmas -- Organización y planificación del estudio -- Los debates -- Las ponencias -- La audiencia activa 
653 |a Fisicoquímica 
653 |a Química 
653 |a Física 
653 |a Fisicoquímica-actividades 
700 1 |a Martínez Filomeno, Ma. Sandra 
700 1 |a Taddei, Federico 
859 |a CEMS  |b BIB. CEMS - 11 de abril  |h Z541  |i B650-1  |p 26114.11  |t Ej.1